| 000 | 01227nam a2200217 i 4500 | ||
|---|---|---|---|
| 001 | 137612 | ||
| 003 | ES-MaACL | ||
| 005 | 20230906195416.0 | ||
| 007 | t| | ||
| 008 | 070214s1913 sp af |||| | spa d | ||
| 100 | 1 |
_aSalazar Mouliáa, Zacarías. _9101825 |
|
| 245 | 1 | 4 |
_aLas estaciones de ensayo de semillas de Europa _b: notas del viaje de prácticas / _crealizado por el ingeniero agrónomo, pensionado por el Estado, Zacarías Salazar ; con la traducción, por el mismo, de la última edición de la obra... del Dr. Weinzierl titulada Composición y cultivo de las mezclas de plantas forrajeras ; apéndice por José Hurtado de Mendoza. |
| 246 | 3 | 4 |
_iTít. de cub. _aOrganización y trabajos de algunas estaciones y laboratorios de ensayos de semillas de Europa |
| 260 |
_aMadrid : _b[s. n.], _c1913 ( _fEst. Tip. de los Hijos de Tello) |
||
| 300 |
_a90 p., [16] h. de lám. : _bil. ; _c23 cm. |
||
| 650 | 0 | 4 |
_aPlantas forrajeras- _xSemillas- _xEnsayos. _916117 |
| 700 | 1 |
_aWeinzierl, Teodoro de. _9116379 |
|
| 700 | 1 |
_aHurtado de Mendoza, José. _964791 |
|
| 740 | 0 | 2 | _aComposición y cultivo de las mezclas de plantas forrajeras. |
| 852 |
_aES-MaACL _jT-1359-F-5 _z- Enc. en un vol. facticio, conservando cub. original |
||
| 999 |
_c137612 _d137612 |
||